000 00284nam a22001337a 4500
008 170306b xxu||||| |||| 00| 0 eng d
020 _a9780472064779
041 _aeng
080 _a611
100 _a6
101 _aSHM
245 _aTHE FEMALE BODY
_cGOLDSTEIN, L
942 _2udc
_cBK
999 _c6857
_d6857